Ellmarinuk kutri kasratɵ amɵnainuk : sembrar para comer y estar contentos /

Bibliographic Details
Main Author: Montano Morales, James (Author)
Format: Electronic eBook
Language:Spanish
Published: Popayán, Colombia : Editorial Universidad del Cauca, 2022.
Edition:Primera edición en español.
Subjects:
Online Access:Digitalia Hispánica

MARC

LEADER 00000nam a2200000 i 4500
001 DIGUCAUCA0139
003 NyNyDIG
006 m o d
007 cr |||||||||||
008 231008s2022 ck a ob 001 0 spa d
035 |a (OCoLC)1402839209 
040 |a DGITA  |b eng  |e rda  |e pn  |c DGITA 
020 |a 9789587325010  |q digital 
020 |z 9789587325003  |q impreso 
043 |a s-ck--- 
050 1 4 |a F2270.2.M6 ebook 
100 1 |a Montano Morales, James,  |e author. 
245 1 0 |a Ellmarinuk kutri kasratɵ amɵnainuk :  |b sembrar para comer y estar contentos /  |c James Montano Morales. 
246 3 |a Sembrar para comer y estar contentos  
250 |a Primera edición en español. 
264 1 |a Popayán, Colombia :  |b Editorial Universidad del Cauca,  |c 2022. 
300 |a 1 online resource :  |b illustrations. 
336 |a text  |b txt  |2 rdacontent 
337 |a computer file  |b c  |2 rdamedia 
338 |a online resource  |b cr  |2 rdacarrier 
347 |a text file  |2 rdaft 
347 |b PDF 
500 |a "Apoyo 2020"--Cover. 
504 |a Includes bibliographical references and Index. 
588 0 |a Online resource; title from PDF title page (Digitalia, viewed October 8, 2023) 
650 0 |a Guambiano Indians  |x Agriculture  |z Colombia. 
650 0 |a Guambiano Indians  |z Colombia  |x Social life and customs. 
650 0 |a Indians of South America  |x Agriculture. 
776 0 8 |i Print version:  |a Montano Morales, James.  |t Sembrar para comer y estar contentos.  |b Primera edición en español.  |d Popayán, Colombia : Editorial Universidad del Cauca, 2022  |z 9789587325003 
791 2 |a Digitalia (Firm),  |e distributor. 
793 0 |g Digitalia eBook Collection:  |a Universidad del Cauca 
856 4 0 |3 Digitalia Hispánica  |u https://www.digitaliapublishing.com/a/129854/ 
910 |a Premium collection: 2023